000 00584nam a22002297a 4500
003 UA-OsUOA
001 87194
007 ta
008 20120915b un ||||| |||| 00| 0 ukr d
100 _aКироптин В.
090 _a82.09
_bК43
942 _cBK
040 _aUA-OsUOA
_brus
_cUA-OsUOA
_dUA-OsUOA
245 _aКлассики
300 _a429 с.
955 _a1
041 _arus
080 _a82.09
260 _aМ.
_bСоветский писатель
_c1938
650 7 _a82 Література. Літературознавство
_2UDC
999 _c373485
_d373485